000 01153cam a22002891i 4500
003 OSt
005 20250122151811.0
008 250115s2008 su g 000 0 ara c
040 _aSA-JeALM
_bara
_cSA-RiAUC
_erda
043 _aa-su---
050 4 _bS53 2008
082 0 4 _a328.3109531
_qSA-RiAUC
090 _a328.3109531
_b ش ب ي
100 1 _aالشبيلي، عبد الرحمن بن صالح بن عبد الله،
_d1363-1440 هجري
_eمؤلف.
245 1 0 _aمجلس الشورى :
_bقراءة في تجربة تحديثه /
_cعبد الرحمن الشبيلي.
250 _aالطبعة الأولى.
264 1 _aالسعودية :
_bمؤسسة الجريسي
_c2008
300 _a238 صفحة ؛
_c24 سم
336 _aنص
_btxt
_2rdacontent
_3كتاب
337 _aبدون وسيط
_bn
_2rdamedia
338 _aمجلد
_bnc
_2rdacarrier
610 1 7 _aالسعودية.
_bمجلس الشورى
_2aucnm
650 7 _aالهيئات التشريعية
_zالسعودية
_2aucsh
651 7 _aالسعودية
_xسياسة وحكومة
_2aucsh
942 _2ddc
_cBOOK
_n0
949 _aSA-JeALM
_d250115
_umohamedma123
_n1
999 _c5129
_d5129